000 00222nam a22000857a 4500
008 170216b xxu||||| |||| 00| 0 eng d
100 _92896
_aGupta. R. S
245 _aLab Manuel Mathematics-4
260 _aNew Delhi
_bRachana
_c2007
999 _c6130
_d6130